书目信息 |
| 题名: |
素描的创意与设计导向
|
|
| 作者: | 何伟 , 吴刚 编著 | |
| 分册: | ||
| 出版信息: | 上海 同济大学出版社 2013.08 |
|
| 页数: | 200页 | |
| 开本: | 29cm | |
| 丛书名: | ||
| 单 册: | ||
| 中图分类: | TU204.111 | |
| 科图分类: | ||
| 主题词: | 建筑画--素描技法 , 建筑画 , 素描技法 | |
| 电子资源: | ||
| ISBN: | 978-7-5608-5196-9 | |
| 000 | 01079nam0 2200289 450 | |
| 001 | 006247867 | |
| 005 | 20140611150728.59 | |
| 010 | @a978-7-5608-5196-9@dCNY50.00 | |
| 100 | @a20131030d2013 em y0chiy0110 ea | |
| 101 | 0 | @achi |
| 102 | @aCN@b310000 | |
| 105 | @aa z 000yy | |
| 106 | @ar | |
| 200 | 1 | @a素描的创意与设计导向@9su miao de chuang yi yu she ji dao xiang@dInnovation and design of sketch@f何伟,吴刚编著@zeng |
| 210 | @a上海@c同济大学出版社@d2013.08 | |
| 215 | @a200页@c图@d29cm | |
| 330 | @a本书绪论部分讲述建筑学素描特点与重要性、教与学特征。基本教学章节分別讲述明暗素描、结构素描各自要素、要点及表现手法。风景表现章节強调手绘表现基本理论与表达方法。创意章节通过想象、构思、表现部分来体现建筑形态创意训练方法与手段。 | |
| 333 | @a高校素描相关专业师生 | |
| 510 | 1 | @aInnovation and design of sketch@zeng |
| 606 | 0 | @a建筑画@x素描技法 |
| 606 | 0 | @a建筑画 |
| 606 | 0 | @a素描技法 |
| 690 | @aTU204.111@v5 | |
| 701 | 0 | @a何伟@9he wei@4编著 |
| 701 | 0 | @a吴刚@9wu gang@4编著 |
| 801 | 0 | @aCN@b人天书店@c20131030 |
| 905 | @b845451-53@dTU204.111@e662@f3 | |
| 素描的创意与设计导向=Innovation and design of sketch/何伟,吴刚编著.-上海:同济大学出版社,2013.08 |
| 200页:图;29cm |
| 使用对象:高校素描相关专业师生 |
| ISBN 978-7-5608-5196-9:CNY50.00 |
| 本书绪论部分讲述建筑学素描特点与重要性、教与学特征。基本教学章节分別讲述明暗素描、结构素描各自要素、要点及表现手法。风景表现章节強调手绘表现基本理论与表达方法。创意章节通过想象、构思、表现部分来体现建筑形态创意训练方法与手段。 |
| ● |
| 相关链接 |
|
|
|
|
正题名:素描的创意与设计导向
索取号:TU204.111/662
 
预约/预借
| 序号 | 登录号 | 条形码 | 馆藏地/架位号 | 状态 | 备注 |
| 1 | 845451 | 208454518 | 第二样本阅览室/ [索取号:TU204.111/662] | 在馆 | |
| 2 | 845452 | 208454527 | 第三借阅区/ [索取号:TU204.111/662] | 在馆 | |
| 3 | 845453 | 208454536 | 密集书库-美术系/ [索取号:TU204.111/662] | 在馆 |